000 00318nam a2200133Ia 4500
005 20251222142015.0
008 251222s9999||||xx |||||||||||||| ||spa||
082 _a922.23/N77
100 _aNoriega Zegarra, Gustavo
245 0 _aEl Cardenal amigo:
250 _a1a.ed.
264 _bJaime Campodónico
942 _cLIB
999 _c10472
_d10472